Short stories in Korean for intermediate learners (Record no. 4698)

MARC details
000 -CABECERA
campo de control de longitud fija 04002cam a2200433 i 4500
001 - NÚMERO DE CONTROL
campo de control 23677163
005 - FECHA Y HORA DE LA ÚLTIMA TRANSACCIÓN
campo de control 20250523064210.0
008 - DATOS DE LONGITUD FIJA--INFORMACIÓN GENERAL
campo de control de longitud fija 240506t20202020enka 000 j kor d
010 ## - NÚMERO DE CONTROL DE LA BIBLIOTECA DEL CONGRESO
Número de control de LC 2024404134
015 ## - NÚMERO DE BIBLIOGRAFÍA NACIONAL
Número de bibliografía nacional GBC051680
Fuente bnb
020 ## - NÚMERO INTERNACIONAL ESTÁNDAR DEL LIBRO
Número Internacional Estándar del Libro 9781529303056
035 ## - NÚMERO DE CONTROL DEL SISTEMA
Número de control de sistema (OCoLC)on1090851331
040 ## - FUENTE DE LA CATALOGACIÓN
Centro catalogador/agencia de origen YDX
Lengua de catalogación eng
Normas de descripción rda
Centro/agencia transcriptor YDX
Centro/agencia modificador NZLEP
-- GK8
-- OCLCQ
-- OCLCF
-- UKMGB
-- OCLCO
-- OCL
-- WIM
-- UAP
-- JTH
-- OCL
-- OCLCO
-- FXN
-- OCLCO
-- BKL
-- OCLCQ
-- OCLCO
-- EAU
-- OCL
-- OCLCO
-- OCLCL
-- DLC
041 0# - CÓDIGO DE LENGUA
Código de lengua del texto/banda sonora o título independiente kor
-- eng
042 ## - CÓDIGO DE AUTENTICACIÓN
Código de autenticación lccopycat
050 00 - SIGNATURA TOPOGRÁFICA DE LA BIBLIOTECA DEL CONGRESO
Número de clasificación PL913.65
Número de documento/Ítem .R53 2020
100 ## - ENTRADA PRINCIPAL--NOMBRE DE PERSONA
Nombre de persona Richards, Olly
Término indicativo de función/relación author
9 (RLIN) 12403
245 10 - MENCIÓN DE TÍTULO
Título Short stories in Korean for intermediate learners
Resto del título : read for pleasure at your level and learn Korean the fun way!
Mención de responsabilidad, etc. / Olly Richards ; series editor Rebecca Moeller ; development editor Hyojin An.
260 ## - PUBLICACIÓN, DISTRIBUCIÓN, ETC.
Lugar de publicación, distribución, etc. London :
Nombre del editor, distribuidor, etc. John Murray Learning,
Fecha de publicación, distribución, etc. 2020.
300 ## - DESCRIPCIÓN FÍSICA
Extensión xviii, 220 pages :
Otras características físicas illustrations ;
Dimensiones 20 cm
490 ## - MENCIÓN DE SERIE
Mención de serie Foreign language graded reader series
490 ## - MENCIÓN DE SERIE
Mención de serie Teach yourself
505 ## - NOTA DE CONTENIDO CON FORMATO
Nota de contenido con formato Mapped to B1-B2 on the Common European Framework of Reference — A glossary for bolded words in each text — A bilingual word list — Full plot summary — Comprehension questions after each chapter.
520 ## - SUMARIO, ETC.
Sumario, etc. Olly's top-notch language-learning insights are right in line with the best of what we know from neuroscience and cognitive psychology about how to learn effectively. I love his work - and you will too! - Barbara Oakley, PhD, Author of New York Times bestseller A Mind for Numbers Short Stories in Korean for Intermediate Learners has been written especially for students from low-intermediate to intermediate level, designed to give a sense of achievement, a feeling of progress and most importantly - enjoyment! Mapped to B1 on the Common European Framework of Reference, these eight captivating stories are designed to give you a sense of achievement and a feeling of progress when reading. What does this book give you? - Eight stories in a variety of exciting genres, from science fiction and crime to history and thriller - making reading fun, while you learn a wide range of new vocabulary -Controlled language at your level, including the 1000 most frequent words, to help you progress confidently -Authentic spoken dialogues, to help you learn conversational expressions and improve your speaking ability -Pleasure! It's much easier to learn a new language when you're having fun, and research shows that if you're enjoying reading in a foreign language, you won't experience the usual feelings of frustration - 'It's too hard!' 'I don't understand!' -Accessible grammar so you learn new structures naturally, in a stress-free way Carefully curated to make learning a new language easy, these stories include key features that will support and consolidate your progress, including -A glossary for bolded words in each text -Full plot summary -A bilingual word list -Comprehension questions after each chapter. As a result, you will be able to focus on enjoying reading, delighting in your improved range of vocabulary and grasp of the language, without ever feeling overwhelmed or frustrated. From science fiction to fantasy, to crime and thrillers, Short Stories in Korean for Intermediate Learners will make learning Korean easy and enjoyable.
521 ## - NOTA DE PÚBLICO DESTINATARIO
Nota de público destinatario For low-intermediate to intermediate language learners.
650 #0 - PUNTO DE ACCESO ADICIONAL DE MATERIA--TÉRMINO DE MATERIA
Término de materia o nombre geográfico como elemento de entrada Korean language
Subdivisión de forma Readers
9 (RLIN) 25319
650 #0 - PUNTO DE ACCESO ADICIONAL DE MATERIA--TÉRMINO DE MATERIA
Término de materia o nombre geográfico como elemento de entrada Short stories, Korean
Subdivisión de forma Translations into English
9 (RLIN) 25320
650 #0 - PUNTO DE ACCESO ADICIONAL DE MATERIA--TÉRMINO DE MATERIA
Término de materia o nombre geográfico como elemento de entrada Short stories, Korean
9 (RLIN) 25321
650 #0 - PUNTO DE ACCESO ADICIONAL DE MATERIA--TÉRMINO DE MATERIA
Término de materia o nombre geográfico como elemento de entrada Korean language
Subdivisión de forma Self-instruction
9 (RLIN) 25322
650 #0 - PUNTO DE ACCESO ADICIONAL DE MATERIA--TÉRMINO DE MATERIA
Término de materia o nombre geográfico como elemento de entrada Korean language
Subdivisión general Study and teaching
-- Foreign speakers
9 (RLIN) 25323
650 #0 - PUNTO DE ACCESO ADICIONAL DE MATERIA--TÉRMINO DE MATERIA
Término de materia o nombre geográfico como elemento de entrada Readers (Adult)
9 (RLIN) 25300
655 #0 - TÉRMINO DE INDIZACIÓN--GÉNERO/FORMA
Datos o término principal de género/forma Short stories
9 (RLIN) 22375
655 #0 - TÉRMINO DE INDIZACIÓN--GÉNERO/FORMA
Datos o término principal de género/forma Readers (Publications)
9 (RLIN) 25108
655 #0 - TÉRMINO DE INDIZACIÓN--GÉNERO/FORMA
Datos o término principal de género/forma Self-instructional works
9 (RLIN) 25331
655 #0 - TÉRMINO DE INDIZACIÓN--GÉNERO/FORMA
Datos o término principal de género/forma Instructional and educational works
9 (RLIN) 23270
700 ## - ENTRADA AGREGADA--NOMBRE PERSONAL
Nombre de persona Moeller, Rebecca Klevberg
Término indicativo de función/relación editor
9 (RLIN) 25299
700 ## - ENTRADA AGREGADA--NOMBRE PERSONAL
Nombre de persona An, Hyojin
Término indicativo de función/relación editor
9 (RLIN) 25324
942 ## - ELEMENTOS DE ENTRADA AGREGADA (KOHA)
Fuente del sistema de clasificación o colocación Clasificación de Library of Congress
Holdings
Estado de retiro Estado de pérdida Fuente del sistema de clasificación o colocación Estado dañado No para préstamo Biblioteca de origen Biblioteca actual Fecha de adquisición Total de préstamos Signatura topográfica completa Código de barras Fecha visto por última vez Número de copia Precio válido a partir de Tipo de ítem Koha
    Clasificación de Library of Congress     TBS Barcelona TBS Barcelona 22/05/2025   READER-KR RIC B05866 22/05/2025 1 22/05/2025 Teach Yourself Korean

Powered by Koha